000
00316nam a2200133Ia 4500
008
151001s9999||||xx |||||||||||||| ||und||
100
_a
म द जोशी
245
_a
अवधूत गंगा
250
_a
1
260
_b
मोंडकर अ.जा.
260
_c
1963
300
_a
65
365
_b
18
999
_c
959723
_d
959720